Vplyv krízy na financovanie podnikov

Globálna ekonomická a finančná kríza ovplyvňuje výsledky hospodárenia firiem ako aj možnosti požičiavania si kapitálu, a to nielen v globálnom kontexte ale aj na Slovenku. Banky sú menej ochotné požičiavať a z dôvodu opatrnosti sprísňujú svoje kritériá. Vláda SR chce pomôcť podnikom v krízových časo...

Descrizione completa

Salvato in:
Dettagli Bibliografici
Autore principale: Gálová, Zuzana
Natura: Capitolo di libro
Lingua:slovacco
Soggetti:
Tags: Aggiungi Tag
Nessun Tag, puoi essere il primo ad aggiungerne!!

MARC

LEADER 00000nla$a2200000$$$4500
001 0103116
005 20240502072124.1
041 0 |a slo 
044 |a SK 
245 1 0 |a Vplyv krízy na financovanie podnikov  |c Zuzana Gálová 
520 |a Globálna ekonomická a finančná kríza ovplyvňuje výsledky hospodárenia firiem ako aj možnosti požičiavania si kapitálu, a to nielen v globálnom kontexte ale aj na Slovenku. Banky sú menej ochotné požičiavať a z dôvodu opatrnosti sprísňujú svoje kritériá. Vláda SR chce pomôcť podnikom v krízových časoch a zmenšiť obavy bánk, čo sa rozhodla riešiť protikrízovým balíčkom opatrení. Jedným takýmto opatrením je aj zvýšenie kapitálu SZRB na poskytovanie vyššieho objemu záruk pre úvery od komerčných bánk. Avšak aj podnik v čase krízy môže vysielať pozitívne signály financujúcej banke ako aj potenciálnym investorom alebo obchodným partnerom formou zmysluplných a efektívnych opatrení, na ktoré v čase rastu nebol priestor. 
610 2 0 |a financovanie podnikov 
610 2 0 |a kríza finančná 
610 2 0 |a kríza hospodárska 
610 2 0 |a podpora podnikania 
610 2 0 |a podpora štátna 
610 2 0 |a úver 
610 2 0 |a opatrenia racionalizačné 
100 1 |a Gálová, Zuzana